000 01014 a2200229 4500
020 _a0030748135
020 _a9780030748134
082 0 4 _a336
090 _c3401
_d3401
100 1 _aHyman, David N.
245 1 0 _aPublic finance :
_ba contemporary application of theory to policy /
_cDavid N. Hyman.
250 _a4 Sub ed.
260 _a[S.l.] :
_bDryden Pr,
_c1992.
300 _a650 p. ;
_c25 cm.
490 1 _aThe dryden press series in economics.
500 _aHardcover.
520 _aThis work provides an overview of public finance with a discussion of externalities, public goods, public choice, government expenditures, social insurance, aid to the poor, budget deficits, taxation, and state and local government finance.
830 4 _aThe dryden press series in economics.
856 4 0 _3Amazon.com
_uhttp://www.amazon.com/exec/obidos/ASIN/0030748135/chopaconline-20
856 4 0 _3Amazon customer reviews
_uhttp://www.chopac.org/cgi-bin/tools/azrev.pl?q=0030748135
942 _aNBS
_cBK
_k336 HYM
999 _c345881
_d345881